History Quiz

Random History or World Quiz
Score 0/36 Timer 05:00
9 Plays Today
% Correct
Elvis
98.6%
Marilyn
98.1%
Alfred
97.7%
Jailhouse
96%
A Streetcar
96%
I Love
94.8%
Iron
93.7%
Buddy
92.7%
Space
90%
Chuck
89.9%
Warsaw
89.6%
Nikita
88%
Sugar Ray
86.3%
38th
85.6%
Jackson
85.1%
Harry
84.9%
Rear
84.7%
Things Fall
84.4%
% Correct
Jackie
83.7%
Vladimir
82.5%
Double
78.7%
Suez
76.6%
Seven
75.9%
Red
74.8%
Rosenberg
73.8%
Atlas
72.1%
Thelonious
65%
Hundred Flowers
63%
Dien Bien
62.9%
Mau Mau
58.1%
Fulgencio
57.8%
Mark
43.1%
Rosalind
42.6%
Ozark
39.3%
Henrietta
33%
Imre
32.4%
Remove Ads.
Support Sporcle.
Get the best of Sporcle when you Go Orange. This ad-free experience offers more features, more stats, and more fun while also helping to support Sporcle. Thank you for becoming a member.

You're not logged in!

Compare scores with friends on all Sporcle quizzes.
OR
Log In

Sporcle TV

Today on Sporcle TV


Watch our educational content, quiz creation guides, and fun videos on Sporcle TV.

Show Comments

Extras

Top Quizzes Today


Score Distribution

Paid Content

Your Account Isn't Verified!

In order to create a playlist on Sporcle, you need to verify the email address you used during registration. Go to your Sporcle Settings to finish the process.

Report this User

Report this user for behavior that violates our Community Guidelines.

Details: